000
00273nam a2200121 a 4500
005
20141022142000.0
008
080925s19uu xx 00 eng d
050
_a
VHS
_b
D11 REP
245
_a
Dalagang bukid.
650
_a
VHS.
650
_a
Dalagang bukid.
942
_c
AVM
999
_c
276220
_d
276220